| 000 | 00431nam a22001457a 4500 | ||
|---|---|---|---|
| 082 | _aBSCS-1 | ||
| 100 |
_aHaider Adeel Agha _992442 |
||
| 245 | _aDeep learning using MPJ Express | ||
| 260 |
_aIslamabad _bNUST-SEECS _c2015 |
||
| 300 |
_a37 _eCD Include |
||
| 500 | _aSupervisors: Dr. Tahir Azim, Dr. Aamir Shafi | ||
| 700 |
_aSalman Saeed _992443 |
||
| 856 | _uhttp://10.250.8.41:8080/xmlui/handle/123456789/9848 | ||
| 942 |
_cPR _2ddc |
||
| 999 |
_c13269 _d13269 |
||